[Event "España tch - Primera B"]
[Site "Burguillos ESP"]
[Date "2010.08.12"]
[Round "4.11"]
[White "Alvarez Pedraza, Aramis"]
[Black "Aleksandrov, Aleksej"]
[Result "1/2-1/2"]
[WhiteElo "2496"]
[BlackElo "2642"]
[PlyCount "107"]
[EventDate "2010.08.09"]
[EventType "team"]
[EventRounds "5"]
[EventCountry "ESP"]
[Source "lmi"]
[SourceDate "2010.08.09"]
[WhiteTeam "C. E. LLEIDA"]
[BlackTeam "CAJACANARIAS"]

1. e4 e5 2. Nf3 Nc6 3. Bc4 Bc5 4. c3 Nf6 5. d3 a6 6. Bb3 O-O 7. Nbd2 Re8 8. h3
d6 9. Nf1 Be6 10. Qe2 Bxb3 11. axb3 Ne7 12. N1h2 Ng6 13. g3 Qd7 14. Bg5 Qe6 15.
Bxf6 Qxf6 16. h4 h6 17. h5 Nf8 18. b4 Bb6 19. Ng4 Qe6 20. Nh4 a5 21. b5 c6 22.
bxc6 bxc6 23. Nf5 Kh8 24. O-O Nh7 25. Kg2 d5 26. Ra4 Rab8 27. Rfa1 Ng5 28. b4
axb4 29. Rxb4 Bc5 30. Rxb8 Rxb8 31. Ra5 Bb6 32. Ra6 Qc8 33. Ra4 Bc7 34. Qa2 Kh7
35. Nfe3 Bb6 36. Nf5 Qe6 37. Qe2 c5 38. f4 exf4 39. gxf4 dxe4 40. dxe4 Qc6 41.
fxg5 Qxa4 42. gxh6 Bd8 43. hxg7 Rb2 44. g8=Q+ Kxg8 45. Nfh6+ Kh7 46. Qxb2 Qxe4+
47. Kg1 f5 48. Qg2 Qxg2+ 49. Kxg2 fxg4 50. Nxg4 c4 51. Kf3 Ba5 52. Ne5 Bxc3 53.
Nxc4 Kh6 54. Ke4 1/2-1/2

[Event "España tch - Primera B"]
[Site "Burguillos ESP"]
[Date "2010.08.12"]
[Round "4.13"]
[White "Trepat Herranz, Joan"]
[Black "Cabrera Trujillo, Jorge"]
[Result "1/2-1/2"]
[WhiteElo "2322"]
[BlackElo "2365"]
[PlyCount "69"]
[EventDate "2010.08.09"]
[EventType "team"]
[EventRounds "5"]
[EventCountry "ESP"]
[Source "lmi"]
[SourceDate "2010.08.09"]
[WhiteTeam "C. E. LLEIDA"]
[BlackTeam "CAJACANARIAS"]

1. d4 Nf6 2. c4 g6 3. g3 Bg7 4. Bg2 O-O 5. Nf3 d6 6. O-O Nbd7 7. Nc3 e5 8. e4
exd4 9. Nxd4 Re8 10. h3 Nc5 11. Re1 Bd7 12. Kh2 a5 13. Bf4 h6 14. Qc2 Nfxe4 15.
Nxe4 Bxd4 16. Rad1 Bg7 17. Nxc5 Rxe1 18. Rxe1 dxc5 19. b3 Bf5 20. Qc1 c6 21.
Bxh6 Bxh6 22. Qxh6 a4 23. Qe3 axb3 24. axb3 Qd6 25. Bf3 Qd4 26. Kg2 Qxe3 27.
Rxe3 Ra3 28. Bd1 Ra1 29. Bg4 Bc2 30. Bc8 Rb1 31. Bxb7 Bxb3 32. Bxc6 Bxc4 33.
Rc3 Bf1+ 34. Kf3 Bxh3 35. Rxc5 1/2-1/2

[Event "España tch - Primera B"]
[Site "Burguillos ESP"]
[Date "2010.08.12"]
[Round "4.14"]
[White "Villavicencio Martinez, Adalber"]
[Black "Adel Lahchaichi, Oussama"]
[Result "1/2-1/2"]
[WhiteElo "2318"]
[BlackElo "2266"]
[PlyCount "94"]
[EventDate "2010.08.09"]
[EventType "team"]
[EventRounds "5"]
[EventCountry "ESP"]
[Source "lmi"]
[SourceDate "2010.08.09"]
[WhiteTeam "CAJACANARIAS"]
[BlackTeam "C. E. LLEIDA"]

1. d4 Nf6 2. c4 c5 3. d5 b5 4. Nf3 g6 5. cxb5 a6 6. b6 Qxb6 7. Nc3 d6 8. e4 Bg4
9. Qa4+ Bd7 10. Qc2 Bg7 11. Nd2 Bb5 12. a4 Bxf1 13. a5 Qb4 14. Kxf1 O-O 15. Ra4
Qb7 16. Nc4 Nbd7 17. h3 Rab8 18. Ke2 Ne8 19. Bg5 f6 20. Bd2 Nc7 21. Rb1 Nb5 22.
Kf1 Nd4 23. Qd3 Qb3 24. Ra3 Qc2 25. Ne2 Ne5 26. Nxe5 fxe5 27. Qxc2 Nxc2 28. Ra4
Rb7 29. Nc1 Rfb8 30. b3 h5 31. Rb2 Nb4 32. f3 Kf7 33. Ke2 e6 34. Bxb4 Rxb4 35.
Rxb4 Rxb4 36. Na2 Rb5 37. Nc3 Rxa5 38. b4 cxb4 39. Rxb4 exd5 40. Rb7+ Kf8 41.
Rb8+ Kf7 42. Rb7+ Kg8 43. Nxd5 Ra2+ 44. Kf1 a5 45. h4 a4 46. Rb8+ Kh7 47. Rb7
Kg8 1/2-1/2

[Event "España tch - Primera B"]
[Site "Burguillos ESP"]
[Date "2010.08.12"]
[Round "4.21"]
[White "Marin, Mihail"]
[Black "Borisek, Jure"]
[Result "1/2-1/2"]
[WhiteElo "2597"]
[BlackElo "2538"]
[PlyCount "109"]
[EventDate "2010.08.09"]
[EventType "team"]
[EventRounds "5"]
[EventCountry "ESP"]
[Source "lmi"]
[SourceDate "2010.08.09"]
[WhiteTeam "FOMENT MARTINENC"]
[BlackTeam "UNIVERSIDAD DE OVIEDO"]

1. d4 d5 2. c4 dxc4 3. e3 e5 4. Bxc4 exd4 5. exd4 Bd6 6. Nc3 Nf6 7. Nf3 O-O 8.
O-O Nc6 9. h3 h6 10. Be3 Bf5 11. Rc1 a6 12. Nd2 Qd7 13. Qf3 Rae8 14. Rfd1 b5
15. Bb3 Ne7 16. Nf1 Ng6 17. Nd5 Ne4 18. Nd2 Nxd2 19. Rxd2 Be4 20. Qh5 c6 21.
Nc3 Nf4 22. Qg4 Qxg4 23. hxg4 Bxg2 24. d5 c5 25. Bd1 Bh3 26. Ne2 Ng6 27. Bxc5
Bxc5 28. Rxc5 Bxg4 29. Nc3 Re1+ 30. Kh2 Bxd1 31. Rxd1 Rxd1 32. Nxd1 Rd8 33. Ne3
Ne7 34. Kg3 g5 35. b3 f5 36. f4 Kf7 37. a4 bxa4 38. bxa4 Kf6 39. Ra5 Rd6 40.
Nc4 gxf4+ 41. Kxf4 Nxd5+ 42. Kf3 Rc6 43. Rxd5 Rxc4 44. Rd6+ Kg5 45. Rxa6 h5 46.
Ra8 Rc3+ 47. Kg2 Ra3 48. a5 Kg4 49. Rg8+ Kf4 50. Ra8 Ra2+ 51. Kh3 Kf3 52. a6
Kf4 53. Ra7 Kf3 54. Ra8 Kf4 55. Ra7 1/2-1/2

[Event "España tch - Primera B"]
[Site "Burguillos ESP"]
[Date "2010.08.12"]
[Round "4.22"]
[White "Andres Gonzalez, Alberto"]
[Black "Llaneza Vega, Marcos"]
[Result "1/2-1/2"]
[WhiteElo "2492"]
[BlackElo "2470"]
[PlyCount "21"]
[EventDate "2010.08.09"]
[EventType "team"]
[EventRounds "5"]
[EventCountry "ESP"]
[Source "lmi"]
[SourceDate "2010.08.09"]
[WhiteTeam "UNIVERSIDAD DE OVIEDO"]
[BlackTeam "FOMENT MARTINENC"]

1. d4 Nf6 2. Nf3 g6 3. g3 Bg7 4. Bg2 O-O 5. O-O d5 6. c4 Nc6 7. cxd5 Nxd5 8. e4
Nb6 9. d5 Na5 10. Nc3 c6 11. dxc6 1/2-1/2

[Event "España tch - Primera B"]
[Site "Burguillos ESP"]
[Date "2010.08.12"]
[Round "4.23"]
[White "Torrecillas Martinez, Antonio"]
[Black "Suarez Real, Alberto"]
[Result "1/2-1/2"]
[WhiteElo "2421"]
[BlackElo "2395"]
[PlyCount "59"]
[EventDate "2010.08.09"]
[EventType "team"]
[EventRounds "5"]
[EventCountry "ESP"]
[Source "lmi"]
[SourceDate "2010.08.09"]
[WhiteTeam "FOMENT MARTINENC"]
[BlackTeam "UNIVERSIDAD DE OVIEDO"]

1. d4 Nf6 2. c4 g6 3. Nc3 Bg7 4. e4 d6 5. Nf3 O-O 6. Be2 e5 7. d5 Na6 8. Nd2
Bh6 9. Nb3 Bxc1 10. Rxc1 c5 11. O-O Nc7 12. Qd2 Qe7 13. Rce1 Rb8 14. Qe3 Kg7
15. Kh1 a6 16. a4 Bd7 17. Nd2 b5 18. axb5 axb5 19. b3 bxc4 20. bxc4 Rb2 21. Ra1
Ra8 22. Rxa8 Nxa8 23. Ra1 Nb6 24. h3 Be8 25. Kh2 Rb4 26. g3 Na4 27. Nd1 Nb2 28.
Nc3 Na4 29. Nd1 Nb2 30. Nc3 1/2-1/2

[Event "España tch - Primera B"]
[Site "Burguillos ESP"]
[Date "2010.08.13"]
[Round "5.11"]
[White "Peralta, Fernando"]
[Black "Alvarez Pedraza, Aramis"]
[Result "1-0"]
[PlyCount "109"]
[EventDate "2010.08.09"]
[EventType "team"]
[EventRounds "5"]
[EventCountry "ESP"]
[Source "lmi"]
[SourceDate "2010.08.09"]
[WhiteElo "2570"]
[BlackElo "2496"]

1. d4 d6 2. Nf3 g6 3. c4 Bg7 4. e4 Bg4 5. Be2 Nc6 6. Be3 e5 7. d5 Bxf3 8. Bxf3
Nd4 9. Bxd4 exd4 10. Nd2 Nf6 11. O-O Nd7 12. Bg4 O-O 13. f4 c5 14. Be2 f5 15.
Bd3 g5 16. e5 gxf4 17. e6 Ne5 18. Qc2 Ng4 19. Bxf5 d3 20. Qxd3 Bd4+ 21. Kh1
Nf2+ 22. Rxf2 Bxf2 23. Rf1 Bh4 24. Bxh7+ Kh8 25. Be4 Kg7 26. Qh3 Rh8 27. Nf3
Qf6 28. Qg4+ Kf8 29. Ng1 Ke7 30. Rxf4 Rag8 31. Rxf6 Rxg4 32. Rf7+ Ke8 33. Bd3
Be7 34. Nf3 Rhg8 35. g3 Rf8 36. Rxf8+ Kxf8 37. Kg2 a6 38. b3 Rg8 39. h4 Rh8 40.
Kh3 Kg7 41. g4 Rf8 42. Bf5 b5 43. Kg3 bxc4 44. bxc4 Rb8 45. g5 Rb4 46. h5 Rxc4
47. h6+ Kg8 48. g6 Rc1 49. Kg2 Ra1 50. g7 Rxa2+ 51. Kg3 Rb2 52. Bg6 Rb8 53. Kg4
c4 54. Ng5 Bxg5 55. Kxg5 1-0

[Event "España tch - Primera B"]
[Site "Burguillos ESP"]
[Date "2010.08.13"]
[Round "5.12"]
[White "Pozo Vera, Sandro"]
[Black "Lafuente, Pablo"]
[Result "1/2-1/2"]
[PlyCount "47"]
[EventDate "2010.08.09"]
[EventType "team"]
[EventRounds "5"]
[EventCountry "ESP"]
[Source "lmi"]
[SourceDate "2010.08.09"]
[WhiteElo "2453"]
[BlackElo "2578"]

1. d4 Nf6 2. c4 e6 3. Nc3 Bb4 4. e3 O-O 5. Bd3 c5 6. Nf3 d5 7. O-O cxd4 8. exd4
dxc4 9. Bxc4 b6 10. Bg5 Bb7 11. Re1 Nbd7 12. Rc1 Rc8 13. Bd3 Bxc3 14. bxc3 Qc7
15. Qe2 Qc6 16. c4 Rfe8 17. Bf4 Nh5 18. Qd2 Nxf4 19. Qxf4 h6 20. Re3 Qc7 21.
Qh4 Qd8 22. Qf4 Qf6 23. Qg4 Red8 24. h4 1/2-1/2

[Event "España tch - Primera B"]
[Site "Burguillos ESP"]
[Date "2010.08.13"]
[Round "5.13"]
[White "Comas Fabrego, Lluis"]
[Black "Trepat Herranz, Joan"]
[Result "1/2-1/2"]
[PlyCount "31"]
[EventDate "2010.08.09"]
[EventType "team"]
[EventRounds "5"]
[EventCountry "ESP"]
[Source "lmi"]
[SourceDate "2010.08.09"]
[WhiteElo "2509"]
[BlackElo "2322"]

1. d4 d5 2. c4 c6 3. Nf3 Nf6 4. Nc3 e6 5. cxd5 exd5 6. Bg5 Be7 7. e3 O-O 8. Qc2
Nbd7 9. Bd3 Re8 10. O-O g6 11. h3 Nf8 12. Bxf6 Bxf6 13. b4 a6 14. Rab1 Be6 15.
Na4 Nd7 16. Rfc1 1/2-1/2

[Event "España tch - Primera B"]
[Site "Burguillos ESP"]
[Date "2010.08.13"]
[Round "5.14"]
[White "Adel Lahchaichi, Oussama"]
[Black "Castellet Giralt, Gabriel"]
[Result "1-0"]
[PlyCount "61"]
[EventDate "2010.08.09"]
[EventType "team"]
[EventRounds "5"]
[EventCountry "ESP"]
[Source "lmi"]
[SourceDate "2010.08.09"]
[WhiteElo "2266"]
[BlackElo "2229"]

1. c4 c5 2. g3 g6 3. Bg2 Bg7 4. Nc3 Nc6 5. a3 a5 6. Nf3 d6 7. O-O e5 8. d3 Nge7
9. Bg5 f6 10. Be3 O-O 11. Ne1 Be6 12. Rb1 b6 13. Nd5 Rb8 14. b4 axb4 15. Nxe7+
Nxe7 16. axb4 Qd7 17. Nc2 Nc6 18. bxc5 bxc5 19. Na3 Nb4 20. Qd2 f5 21. f4 Qe7
22. fxe5 dxe5 23. Bh6 Bxh6 24. Qxh6 Rfe8 25. Ra1 Bd7 26. Qe3 Bc6 27. Bxc6 Nxc6
28. Nb5 Ra8 29. Nc3 Nd4 30. Nd5 Qf7 31. Rxa8 1-0

[Event "España tch - Primera B"]
[Site "Burguillos ESP"]
[Date "2010.08.13"]
[Round "5.22"]
[White "Garrido Dominguez, Jesus"]
[Black "Andres Gonzalez, Alberto"]
[Result "0-1"]
[PlyCount "82"]
[EventDate "2010.08.09"]
[EventType "team"]
[EventRounds "5"]
[EventCountry "ESP"]
[Source "lmi"]
[SourceDate "2010.08.09"]
[WhiteElo "2416"]
[BlackElo "2492"]

1. e4 c6 2. d4 d5 3. Nc3 dxe4 4. Nxe4 h6 5. Nf3 Bf5 6. Bd3 e6 7. Qe2 Nf6 8. O-O
Nxe4 9. Bxe4 Bxe4 10. Qxe4 Nd7 11. c4 Nf6 12. Qe2 Be7 13. b3 O-O 14. Bb2 Qa5
15. Qe5 Qxe5 16. dxe5 Ne4 17. Rfe1 Nc5 18. Rad1 Rfd8 19. Bc3 Nd3 20. Re2 Nf4
21. Rxd8+ Rxd8 22. Rd2 Rd3 23. Rxd3 Nxd3 24. Bd2 Ba3 25. Be3 a6 26. Bd4 Nc1 27.
Kf1 Nxa2 28. Nd2 Bb4 29. Ne4 Nc1 30. Bc5 a5 31. Bxb4 axb4 32. c5 Kf8 33. Nd6
Ke7 34. Nxb7 Nxb3 35. Ke2 Kd7 36. g4 Kc7 37. Nd6 Nxc5 38. Nxf7 b3 39. Kd2 Ne4+
40. Kc1 Nxf2 41. g5 Nd3+ 0-1

[Event "España tch - Primera B"]
[Site "Burguillos ESP"]
[Date "2010.08.13"]
[Round "5.23"]
[White "Suarez Real, Alberto"]
[Black "Herrera Delgado, Alejandro"]
[Result "1/2-1/2"]
[PlyCount "43"]
[EventDate "2010.08.09"]
[EventType "team"]
[EventRounds "5"]
[EventCountry "ESP"]
[Source "lmi"]
[SourceDate "2010.08.09"]
[WhiteElo "2395"]
[BlackElo "2316"]

1. e4 c5 2. Nf3 e6 3. d4 cxd4 4. Nxd4 Nf6 5. Nc3 Qb6 6. e5 Bc5 7. Be3 Nd5 8.
Nxd5 exd5 9. Be2 O-O 10. O-O Nc6 11. Nxc6 dxc6 12. Bxc5 Qxc5 13. Bd3 Bd7 14.
Qh5 g6 15. Qh4 Rae8 16. Rae1 Re6 17. Kh1 f6 18. exf6 Rexf6 19. f3 Bf5 20. Bxf5
Rxf5 21. c3 Qd6 22. Qe7 1/2-1/2

[Event "España tch - Primera B"]
[Site "Burguillos ESP"]
[Date "2010.08.13"]
[Round "5.24"]
[White "Reales Murto, Manuel Jose"]
[Black "Andres Gonzalez, Ivan"]
[Result "1/2-1/2"]
[PlyCount "29"]
[EventDate "2010.08.09"]
[EventType "team"]
[EventRounds "5"]
[EventCountry "ESP"]
[Source "lmi"]
[SourceDate "2010.08.09"]
[WhiteElo "2272"]
[BlackElo "2326"]

1. e4 c5 2. Nf3 Nc6 3. c4 g6 4. d4 cxd4 5. Nxd4 Bg7 6. Be3 Nf6 7. Nc3 O-O 8.
Be2 d6 9. O-O Bd7 10. Rc1 Nxd4 11. Bxd4 Bc6 12. f3 Qa5 13. Qd2 Rfc8 14. Rfd1 a6
15. Be3 1/2-1/2